Catálogo general.

Guardado en:
Formato: Libro
Idioma:Spanish
Publicado: [s.l.] : SKF, 1982.
Materias:
Etiquetas: Agregar Etiqueta
Sin Etiquetas, Sea el primero en etiquetar este registro!
LEADER 00588nam a22001815a 4500
001 EIQ.libpla002725
008 070727s1982####xx#ao####c####000#0#spa#d
005 20070727114440.0
245 0 0 |a Catálogo general. 
260 |a [s.l.] :  |b SKF,  |c 1982. 
300 |a 480 p. :  |b il., tablas, fotos ;  |c 21 cm. 
500 |a Datos tomados de la cubierta. 
650 4 |a Rodamientos  |x Catálogos. 
650 4 |a Ingeniería mecámica  |x Catálogos. 
650 4 |a Bearing  |x Catalogs. 
650 4 |a Mechanical Engineering  |x Catalogs. 
040 |a AR-BbSID  |b spa  |c AR-BbSID 
859 |a AR-BbSID  |b BIB. PLAPIQUI  |h 621.822  |i S 1  |p 3642